000 00401nam a22001337a 4500
008 160805b xxu||||| |||| 00| 0 eng d
020 _a0536155925
050 _aQA 152.2 .M37 2005
100 _aMartin-Gay,K.
_d2005
245 _aIntermediate algebra:
_ba graphing approach.
260 _aBoston:
_bPearson,
_c2005.
300 _axxvi,859p.
942 _2lcc
_cBOOKS
_hQA 152.2 .M37 2005
999 _c12549
_d12549